Kazakhstan : (Record no. 9300)

MARC details
000 -LEADER
fixed length control field 00905cam a2200265 a 4500
001 - CONTROL NUMBER
control field 4415932
003 - CONTROL NUMBER IDENTIFIER
control field OSt
005 - DATE AND TIME OF LATEST TRANSACTION
control field 20240724121236.0
008 - FIXED-LENGTH DATA ELEMENTS--GENERAL INFORMATION
fixed length control field 930809s1993 dcuab i000 0 eng
010 ## - LIBRARY OF CONGRESS CONTROL NUMBER
LC control number 93032013
020 ## - INTERNATIONAL STANDARD BOOK NUMBER
International Standard Book Number 0821326449
040 ## - CATALOGING SOURCE
Original cataloging agency MUST
Transcribing agency MUST
043 ## - GEOGRAPHIC AREA CODE
Geographic area code e-ur-kz
082 00 - DEWEY DECIMAL CLASSIFICATION NUMBER
Classification number 338 KAZ 1993
Edition number 20
245 00 - TITLE STATEMENT
Title Kazakhstan :
Remainder of title the transition to a market economy.
260 ## - PUBLICATION, DISTRIBUTION, ETC. (IMPRINT)
Place of publication, distribution, etc. Washington, D.C. :
Name of publisher, distributor, etc. World Bank,
Date of publication, distribution, etc. 1993.
300 ## - PHYSICAL DESCRIPTION
Extent v, 234 p. :
Other physical details ill., 1 map ;
Dimensions 27 cm.
440 #2 - SERIES STATEMENT/ADDED ENTRY--TITLE
Title A World Bank country study,
International Standard Serial Number 0253-2123
9 (RLIN) 19016
651 #0 - SUBJECT ADDED ENTRY--GEOGRAPHIC NAME
Geographic name Kazakhstan
General subdivision Economic conditions
Chronological subdivision 1991-
9 (RLIN) 19017
651 #0 - SUBJECT ADDED ENTRY--GEOGRAPHIC NAME
Geographic name Kazakhstan
General subdivision Economic policy
Chronological subdivision 1991-
9 (RLIN) 19018
710 2# - ADDED ENTRY--CORPORATE NAME
Corporate name or jurisdiction name as entry element World Bank.
9 (RLIN) 955
906 ## - LOCAL DATA ELEMENT F, LDF (RLIN)
a 7
b cbc
c orignew
d 1
e ocip
f 19
g y-gencatlg
942 ## - ADDED ENTRY ELEMENTS (KOHA)
Source of classification or shelving scheme Dewey Decimal Classification
Koha item type Open Shelf
Holdings
Withdrawn status Lost status Source of classification or shelving scheme Damaged status Not for loan Home library Current library Date acquired Source of acquisition Inventory number Total Checkouts Full call number Barcode Date last seen Price effective from Koha item type
    Dewey Decimal Classification     MUST Main Library MUST Main Library 24/07/2024 Purchase 2002/ 16722   338 KAZ 1993 2024-22206 24/07/2024 24/07/2024 Open Shelf